Characters to their Movies - Statistics

General Stats
  • This quiz has been taken 86 times
  • The average score is 12 of 15
Answer Stats
Hint Answer % Correct
Forrest, Jenny, Lt. Dan, and Bubba Forrest Gump
98%
Sam, Frodo, Gollum, Gandalf, and Sauron Lord of the Rings
98%
Luke, Leia, Han, Chewie, and Vader Star Wars
95%
Ace, Mellissa, Einhorn, and Dan Marino Ace Ventura: Pet Detective
94%
Marty, Doc Brown, George, Einstein, and Biff Back to the Future
94%
Vito, Michael, Sonny, Fredo, Tom, and Sollozzo The Godfather
82%
Norman, Marion, and Mrs. Bates Psycho
77%
Andy, Red, Brooks, and Warden Norton The Shawshank Redemption
76%
Jack, Sally, Lock, Shock, Barrel, and Oogie Boogie The Nightmare Before Christmas
74%
Indy, Marion, Sallah, Belloq, and Toht Raiders of the Lost Ark
73%
Mrs. White, Col. Mustard, Wadsworth, and Mr. Boddy Clue
69%
Joey, Johnny, Dee Dee, Marky, and Riff Rock 'N' Roll High School
63%
Keaton, Fenster, McManus, Hockney, Verbal, and Keyser Söze The Usual Suspects
63%
Jack, Wendy, Danny, Hallorann and Grady The Shining
55%
MacReady, Childs, Blair, Norris, and Windows The Thing
40%
No matching quizzes found
Score Distribution
Percent of People with Each Score
Percentile by Number Answered
Your Score History
You have not taken this quiz